A critical and exegetical commentary on the Epistles of St. Peter and St. Jude / (Record no. 10146)
[ view plain ]
| 000 -LEADER | |
|---|---|
| fixed length control field | 00727cam a2200217I 4500 |
| 001 - CONTROL NUMBER | |
| control field | 12338884 |
| 003 - CONTROL NUMBER IDENTIFIER | |
| control field | GBCCL |
| 005 - DATE AND TIME OF LATEST TRANSACTION | |
| control field | 20241126110726.0 |
| 008 - FIXED-LENGTH DATA ELEMENTS--GENERAL INFORMATION | |
| fixed length control field | 850802s1922 nyu b 001 0 eng d |
| 040 ## - CATALOGING SOURCE | |
| Original cataloging agency | CBY |
| Transcribing agency | CBY |
| Modifying agency | DAY |
| 082 ## - DEWEY DECIMAL CLASSIFICATION NUMBER | |
| Classification number | 220.7 |
| Item number | ICC |
| 100 1# - MAIN ENTRY--PERSONAL NAME | |
| Personal name | Bigg, Charles, |
| Dates associated with a name | 1840-1908 |
| 9 (RLIN) | 17592 |
| 245 12 - TITLE STATEMENT | |
| Title | A critical and exegetical commentary on the Epistles of St. Peter and St. Jude / |
| Statement of responsibility, etc. | by Charles Bigg |
| 260 ## - PUBLICATION, DISTRIBUTION, ETC. | |
| Place of publication, distribution, etc. | New Delhi : |
| Name of publisher, distributor, etc. | Bloomsbury, |
| Date of publication, distribution, etc. | 2023 |
| 300 ## - PHYSICAL DESCRIPTION | |
| Extent | xi, 353 p. ; |
| Dimensions | 22 cm |
| 490 ## - SERIES STATEMENT | |
| Series statement | International critical commentary |
| Volume/sequential designation | [v. 42] |
| 504 ## - BIBLIOGRAPHY, ETC. NOTE | |
| Bibliography, etc. note | Includes bibliographical references and indexes |
| 630 00 - SUBJECT ADDED ENTRY--UNIFORM TITLE | |
| Uniform title | Bible. |
| Name of part/section of a work | Peter |
| Form subdivision | Commentaries |
| 9 (RLIN) | 880 |
| 630 00 - SUBJECT ADDED ENTRY--UNIFORM TITLE | |
| Uniform title | Bible. |
| Name of part/section of a work | Jude |
| Form subdivision | Commentaries |
| 9 (RLIN) | 881 |
| 942 ## - ADDED ENTRY ELEMENTS (KOHA) | |
| Source of classification or shelving scheme | Dewey Decimal Classification |
| Koha item type | Reference Books |
| Withdrawn status | Lost status | Source of classification or shelving scheme | Damaged status | Not for loan | Home library | Current Library | Shelving location | Date acquired | Total checkouts | Full call number | Barcode | Date last seen | Copy number | Price effective from | Koha item type |
|---|---|---|---|---|---|---|---|---|---|---|---|---|---|---|---|
| Dewey Decimal Classification | GRACE BIBLE COLLEGE | GRACE BIBLE COLLEGE | Commentary | 2024-03-14 | 220.7 ICC | 016623 | 2025-05-01 | c.1 | 2024-03-14 | Reference Books |